<?xml version="1.0" encoding="UTF-8"?><?xml-stylesheet type="text/xsl" href="static/style.xsl"?><OAI-PMH xmlns="http://www.openarchives.org/OAI/2.0/" xmlns:xsi="http://www.w3.org/2001/XMLSchema-instance" xsi:schemaLocation="http://www.openarchives.org/OAI/2.0/ http://www.openarchives.org/OAI/2.0/OAI-PMH.xsd"><responseDate>2026-04-18T22:13:34Z</responseDate><request verb="GetRecord" identifier="oai:riubu.ubu.es:10259/11092" metadataPrefix="marc">https://riubu.ubu.es/oai/request</request><GetRecord><record><header><identifier>oai:riubu.ubu.es:10259/11092</identifier><datestamp>2025-11-22T01:05:37Z</datestamp><setSpec>com_10259_5822</setSpec><setSpec>com_10259_5086</setSpec><setSpec>com_10259_2604</setSpec><setSpec>col_10259_5823</setSpec></header><metadata><record xmlns="http://www.loc.gov/MARC21/slim" xmlns:doc="http://www.lyncode.com/xoai" xmlns:xsi="http://www.w3.org/2001/XMLSchema-instance" xmlns:dcterms="http://purl.org/dc/terms/" xsi:schemaLocation="http://www.loc.gov/MARC21/slim http://www.loc.gov/standards/marcxml/schema/MARC21slim.xsd">
<leader>00925njm 22002777a 4500</leader>
<datafield tag="042" ind1=" " ind2=" ">
<subfield code="a">dc</subfield>
</datafield>
<datafield tag="720" ind1=" " ind2=" ">
<subfield code="a">Laaksonen, Timo</subfield>
<subfield code="e">author</subfield>
</datafield>
<datafield tag="720" ind1=" " ind2=" ">
<subfield code="a">Ruiz Fernández, Virginia</subfield>
<subfield code="e">author</subfield>
</datafield>
<datafield tag="720" ind1=" " ind2=" ">
<subfield code="a">Murtomäki, Lasse</subfield>
<subfield code="e">author</subfield>
</datafield>
<datafield tag="720" ind1=" " ind2=" ">
<subfield code="a">Quinn, Bernadette M.</subfield>
<subfield code="e">author</subfield>
</datafield>
<datafield tag="260" ind1=" " ind2=" ">
<subfield code="c">2007-06</subfield>
</datafield>
<datafield tag="520" ind1=" " ind2=" ">
<subfield code="a">For hydrophobic redox films immersed in aqueous electrolyte, electron transfer at the electrode/film interface is coupled to ion transfer across the film/solution interface. Here we consider how differences in ion solvation in the film versus the electrolyte phase can control the apparent redox properties of model electroactive thin films.</subfield>
</datafield>
<datafield tag="024" ind2=" " ind1="8">
<subfield code="a">0002-7863</subfield>
</datafield>
<datafield tag="024" ind2=" " ind1="8">
<subfield code="a">https://hdl.handle.net/10259/11092</subfield>
</datafield>
<datafield tag="024" ind2=" " ind1="8">
<subfield code="a">10.1021/ja0720107</subfield>
</datafield>
<datafield tag="024" ind2=" " ind1="8">
<subfield code="a">1520-5126</subfield>
</datafield>
<datafield ind1=" " ind2=" " tag="653">
<subfield code="a">Anions</subfield>
</datafield>
<datafield ind1=" " ind2=" " tag="653">
<subfield code="a">Hydrophobicity</subfield>
</datafield>
<datafield ind1=" " ind2=" " tag="653">
<subfield code="a">Interfaces</subfield>
</datafield>
<datafield ind1=" " ind2=" " tag="653">
<subfield code="a">Ions</subfield>
</datafield>
<datafield ind1=" " ind2=" " tag="653">
<subfield code="a">Thin films</subfield>
</datafield>
<datafield tag="245" ind1="0" ind2="0">
<subfield code="a">Nanoparticle Film ChargingIon Rectified or Ion Limited?</subfield>
</datafield>
</record></metadata></record></GetRecord></OAI-PMH>